Using small volume waste in construction (Record no. 105047)
[ view plain ]
| 000 -LEADER | |
|---|---|
| fixed length control field | 01326cam a2200253 4500 |
| 001 - CONTROL NUMBER | |
| control field | ##L132167 |
| 008 - FIXED-LENGTH DATA ELEMENTS--GENERAL INFORMATION | |
| fixed length control field | 060117n2005 000 0 eng u |
| 020 ## - INTERNATIONAL STANDARD BOOK NUMBER | |
| International Standard Book Number | 1860817610 |
| 035 ## - SYSTEM CONTROL NUMBER | |
| System control number | (Sirsi) u132167 |
| 041 0# - LANGUAGE CODE | |
| Language code of text/sound track or separate title | eng |
| 050 04 - LIBRARY OF CONGRESS CALL NUMBER | |
| Classification number | 614.76 $2 18 |
| 100 1# - MAIN ENTRY--PERSONAL NAME | |
| Personal name | Moulinier, F. |
| 245 00 - TITLE STATEMENT | |
| Title | Using small volume waste in construction |
| 260 ## - PUBLICATION, DISTRIBUTION, ETC. | |
| Place of publication, distribution, etc. | Watford |
| Name of publisher, distributor, etc. | BRE |
| Date of publication, distribution, etc. | 2005 |
| 300 ## - PHYSICAL DESCRIPTION | |
| Extent | 8p. |
| Other physical details | ill |
| Dimensions | 30cm. |
| 490 #0 - SERIES STATEMENT | |
| Series statement | BRE Information Paper |
| Volume/sequential designation | IP 9/05 |
| 520 ## - SUMMARY, ETC. | |
| Summary, etc. | Examines the non-technical barriers to using small volume wastes as raw materials in construction. For the purpose of the project, small volume waste is defined as a material with a UK-wide, total annual production of less than 500 000 tonnes. Special emphasis was placed on materials with potential applications in cementitious products, aggregates, fill and hardcore. Locations, tonnages, and current and potential uses of a range of small volume wastes were identified. The paper also describes the barriers to their use and proposes strategies to overcome them. |
| 590 ## - LOCAL NOTE (RLIN) | |
| Local note | IKA170106 |
| 690 ## - LOCAL SUBJECT ADDED ENTRY--TOPICAL TERM (OCLC, RLIN) | |
| Topical term or geographic name as entry element | BUILT ENVIRONMENT-BUILDING ELEMENTS-COMPLETE BUILDING SERVICES ELEMENTS-COMPLETE WASTE REMOVAL AND DISPOSAL SYSTEMS |
| 700 1# - ADDED ENTRY--PERSONAL NAME | |
| Personal name | Dunster, A. M. |
| 700 1# - ADDED ENTRY--PERSONAL NAME | |
| Personal name | Harrex, R. M. |
| 710 2# - ADDED ENTRY--CORPORATE NAME | |
| Corporate name or jurisdiction name as entry element | United Kingdom |
| Subordinate unit | Department of Trade and Industry |
| 942 ## - ADDED ENTRY ELEMENTS (KOHA) | |
| Suppress in OPAC | 0 |
| Withdrawn status | Lost status | Source of classification or shelving scheme | Damaged status | Not for loan | Home library | Current library | Shelving location | Date acquired | Total Checkouts | Full call number | Barcode | Date last seen | Date last checked out | Copy number | Price effective from | Koha item type |
|---|---|---|---|---|---|---|---|---|---|---|---|---|---|---|---|---|
| Dewey Decimal Classification | London | London | BRE publications | 17/01/2006 | 1 | ENQUIRY DESK | 30071591 | 06/08/2019 | 08/02/2007 | 1 | 06/08/2019 | Book |